<?xml version="1.0" encoding="UTF-8"?>
<record
    xmlns:xsi="http://www.w3.org/2001/XMLSchema-instance"
    xsi:schemaLocation="http://www.loc.gov/MARC21/slim http://www.loc.gov/standards/marcxml/schema/MARC21slim.xsd"
    xmlns="http://www.loc.gov/MARC21/slim">

  <leader>006410000a22001330004500</leader>
  <datafield tag="041" ind1="0" ind2=" ">
    <subfield code="a">SPA</subfield>
  </datafield>
  <datafield tag="082" ind1="0" ind2="4">
    <subfield code="a">G 261.91 D41322d</subfield>
  </datafield>
  <datafield tag="245" ind1="1" ind2="0">
    <subfield code="a">Distintivos denominacionales - 1996 / Eliasib Cotera Oliveros... [et. al.]</subfield>
  </datafield>
  <datafield tag="260" ind1=" " ind2=" ">
    <subfield code="a">Medell&#xED;n, Colombia :  Seminario B&#xED;blico de Colombia</subfield>
  </datafield>
  <datafield tag="300" ind1=" " ind2=" ">
    <subfield code="a">[pag. var&#xED;a]</subfield>
  </datafield>
  <datafield tag="505" ind1="0" ind2="0">
    <subfield code="a">Distintivos denominacionales de las iglesias : A.I.E.C., Alianza Cristiana y Misionera en Per&#xFA;, Confraternidad Cristiana de Colombia, Cruzada Cristiana Jesucristo es el Se&#xF1;or, Interamericanas de Colombia, Panamericana, Presbiteriana, Cumberland, Uni&#xF3;n misionera evang&#xE9;lica Colombiana.</subfield>
  </datafield>
  <controlfield tag="001">14043</controlfield>
  <datafield tag="942" ind1=" " ind2=" ">
    <subfield code="c">BK</subfield>
  </datafield>
  <datafield tag="952" ind1=" " ind2=" ">
    <subfield code="0">0</subfield>
    <subfield code="1">0</subfield>
    <subfield code="2">ddc</subfield>
    <subfield code="4">0</subfield>
    <subfield code="7">0</subfield>
    <subfield code="8">REF</subfield>
    <subfield code="a">FUSBC</subfield>
    <subfield code="b">FUSBC</subfield>
    <subfield code="d">2006-09-08</subfield>
    <subfield code="l">0</subfield>
    <subfield code="o">G 261.91 D41322d </subfield>
    <subfield code="p">16344</subfield>
    <subfield code="r">2025-05-31 00:00:00</subfield>
    <subfield code="t">1</subfield>
    <subfield code="w">2016-01-26</subfield>
    <subfield code="y">REF</subfield>
    <subfield code="B">0</subfield>
  </datafield>
  <datafield tag="999" ind1=" " ind2=" ">
    <subfield code="c">42956</subfield>
    <subfield code="d">42956</subfield>
  </datafield>
</record>
